Posudzovanie relevantného trhu pri koncentráciách spoločnosti z pohľadu ochrany hospodárskej súťaže
Pojem trh a relevantný trh. Slovenská právna úprava. Notifikačné kritériá súvisiace s koncentráciou. Európska právna úprava koncentrácií.
Na minha lista:
| Autor principal: | |
|---|---|
| Formato: | Capítulo de Livro |
| Idioma: | eslovaco |
| Assuntos: | |
| Tags: |
Sem tags, seja o primeiro a adicionar uma tag!
|
MARC
| LEADER | 00000naa a2200000 4500 | ||
|---|---|---|---|
| 001 | 0166371 | ||
| 005 | 20231207111924.5 | ||
| 041 | 0 | |a slo | |
| 044 | |a SK | ||
| 245 | 1 | 0 | |a Posudzovanie relevantného trhu pri koncentráciách spoločnosti z pohľadu ochrany hospodárskej súťaže |c Ivana Mižičková |
| 520 | |a Pojem trh a relevantný trh. Slovenská právna úprava. Notifikačné kritériá súvisiace s koncentráciou. Európska právna úprava koncentrácií. | ||
| 610 | 2 | 0 | |a trh relevantný |
| 610 | 2 | 0 | |a koncentrácia |
| 610 | 2 | 0 | |a legislatíva |
| 610 | 2 | 0 | |a Slovensko |
| 610 | 2 | 0 | |a Európska únia |
| 610 | 2 | 0 | |a ochrana súťaže hospodárskej |
| 100 | 1 | |a Mižičková, Ivana | |